| 000 | 00608nam a22001457a 4500 | ||
|---|---|---|---|
| 999 |
_c126454 _d126454 |
||
| 005 | 20220423090403.0 | ||
| 008 | 220423b ||||| |||| 00| 0 eng d | ||
| 040 | _cPK-LaUMT | ||
| 082 |
_a297.4 _bMAN-T |
||
| 100 | _aManzoor Nomani, Muhammad = منظور نعمانی، محمد | ||
| 245 |
_aTasawwaf kia he? = تصوف کیا ہے؟ / _cby Muhammad Manzoor, Muhammad Awais Nadavi and Syed AbwalHsn Nadavi = از محمد منظور نعمانی، محمد اویس ندوی اور سید ابوالحسن علی ندوی |
||
| 260 |
_aLahore : _bIdarah Islamiyat, _c1981 |
||
| 300 | _a144 p. | ||
| 942 | _cBK | ||